01009cam a2200301 i 4500001000300000003000900003005001700012008003900029020001500068040004200083080001000125080001100135080001100146100002800157245005800185260003300243300004100276490002700317500007900344504003600423650002100459650002700480650001800507650002900525710002900554830002600583856009800609bgKOSZ 00520220915133512.0970910s1997 pl |000 0 pol a8385428259 cKOSZ 005/HRaKOSZ 005/HRdKOSZ 005/HR a659.4 a304.44 a316.471 aWojcik, KrystynaeAutor10aPublic relations od A do Z.nT. 1 /cKrystyna Wojcik. aWarszawa :b"Placet",c1997. a248, [7] s. :brys., wykr. ;c24 cm.1 aBiblioteka Biznesmena  aU dołu okł. : Analiza sytuacji wyjściowej, planowanie działalności. aBibliogr. s. 241-245. - Indeks. 4aPublic relations 4aKomunikacja społeczna 4aSocjotechnika 4aStosunki interpersonalne2 aWydawnictwo Placet4pbl. aBiblioteka Biznesmena uhttp://koha.tu.koszalin.pl/cgi-bin/koha/opac-detail.pl?biblionumber=32873yKatalog online BPK